|
|
|
|
| LEADER |
00747cam a2200217 7i4500 |
| 001 |
0000003040 |
| 005 |
20190502090000.0 |
| 020 |
|
|
|a 9780130284846
|
| 020 |
|
|
|a 013028484X (hbk.)
|
| 090 |
0 |
0 |
|a TK7870
|b .F56 2002
|
| 100 |
1 |
|
|a Floyd, Thomas L
|
| 245 |
1 |
0 |
|a Electronic devices
|c Thomas L. Floyd.
|
| 250 |
|
|
|a 6th ed.
|
| 260 |
|
|
|a New Jersey:
|b Prentice Hall,
|c 2002.
|
| 300 |
|
|
|a xxiii, 993 p.:
|b ill.;
|c 21 cm..
|
| 500 |
|
|
|a Includes index
|
| 650 |
0 |
0 |
|a Solid state electronics
|
| 650 |
0 |
0 |
|a Electronic apparatus and appliances
|
| 997 |
|
|
|a Engineering & Life Sciences, Faculty
|b Engineering, Department
|
| 999 |
|
|
|a 0000005981
|b BOK
|c OPEN SHELF
|e 2nd Floor, Bestari Jaya
|
| 999 |
|
|
|a CDR0002075
|b CD-ROM
|c OPEN SHELF
|e Circulation Counter, Bestari Jaya
|